000 00476nam a2200181Ia 4500
003 GCL
008 140319s9999 xx 000 0 eng d
040 _aGCL /
_cGCL
082 0 4 _a351.740973
_bS P
100 1 _aSMITH, BRUCE
245 1 0 _aPOLICE SYSTEMS IN THE UNITED STATES /
_cSMITH, BRUCE
260 _a[S.N] :
_bHARPER AND BROTHERS ،
_c1960
300 _a338 P
650 0 4 _aUNITED STATES - POLICY
650 0 4 _aUNITED STATES
650 0 4 _aPOLICY
942 _2ddc
_cBK
999 _c12746
_d12746